00802cam a22002534a 45000010009000000050017000090080041000260100017000670200015000840400018000990410008001170420008001250430012001330800017001450820021001621000007001831010008001902450096001985040064002949060045003589420012004039990017004159520116004321220378620180126091746.0001017s2001 vaua bs 001 0 eng  a 00012007  a0871205041 aDLCcDLCdDLC aeng apcc an-us--- a371.102 MAR00a371.102 MAR2211 a47 aEDU10aClassroom instruction that works :cRobert J. Marzano, Debra J. Pickering, Jane E. Pollock. aIncludes bibliographical references (p. 161-173) and index. a7bcbccorignewd1eecipf20gy-gencatlg 2ddccBK c41041d41041 00102udc40708PËKGa002b002cPËKGd2018-01-26l0o371.102 MARp002-2996655r2018-01-26w2018-01-26yBK